000
00176nam a22000857a 4500
003
SGT
245
_a
Journal of American Dental Association
260
_c
2002-2011
942
_2
ddc
_c
BV
999
_c
27606
_d
27606